[Event "Stillwater Thanksgiving op 4th"]
[Site "Stillwater"]
[Date "2012.11.23"]
[Round "2"]
[White "Li, Ruifeng"]
[Black "Berry, James E"]
[Result "1-0"]
[WhiteElo "2070"]
[BlackElo "1980"]
[PlyCount "99"]
[EventDate "2012.11.23"]
[EventType "swiss"]
[EventRounds "8"]
[EventCountry "USA"]
[SourceTitle "CBM 151 Extra"]
[Source "ChessBase"]
[SourceDate "2012.12.18"]
[SourceVersion "1"]
[SourceVersionDate "2012.12.18"]
[SourceQuality "1"]

1. d4 e6 2. Nf3 b6 3. e4 Bb7 4. Bd3 d5 5. e5 c5 6. c3 Nc6 7. 0-0 Be7 8. Be3 h5 9. Nbd2 g5 10. Ne1 Nh6 11. Qxh5 Kd7 12. Qe2 Qc7 13. g3 Rag8 14. Ng2 f5 15. exf6 Bxf6 16. dxc5 Ne5 17. Bb5+ Kc8 18. cxb6 axb6 19. Bd4 Nhg4 20. Bxe5 Nxe5 21. Bd3 Qg7 22. Rfe1 Qh6 23. Nf1 g4 24. Kh1 Kb8 25. Qe3 Nf3 26. Qxh6 Rxh6 27. Rxe6 Rgh8 28. Nh4 Ng5 29. Rxb6 d4+ 30. Rxb7+ Kxb7 31. cxd4 Nh3 32. Be4+ Kb6 33. Kg2 Re8 34. Nf5 Rhh8 35. Bd3 Bxd4 36. Nxd4 Rd8 37. Be2 Rxd4 38. Ne3 Rf8 39. Nxg4 Ng5 40. h4 Ne6 41. Rd1 Rc8 42. Rxd4 Nxd4 43. Bd3 Kc5 44. h5 Rh8 45. h6 Ne6 46. Bf5 Nd4 47. Bg6 Nc6 48. h7 Kd6 49. Nh6 Nd8 50. f4 1-0

[Event "Stillwater Fall op"]
[Site "Stillwater"]
[Date "2012.10.07"]
[Round "5"]
[White "Baumann, Glenn"]
[Black "Berry, James E"]
[Result "1/2-1/2"]
[WhiteElo "1684"]
[BlackElo "1982"]
[PlyCount "94"]
[EventDate "2012.10.06"]
[EventType "swiss"]
[EventRounds "5"]
[EventCountry "USA"]
[SourceTitle "CBM 150 Extra"]
[Source "ChessBase"]
[SourceDate "2012.10.19"]
[SourceVersion "1"]
[SourceVersionDate "2012.10.19"]
[SourceQuality "1"]

1. d4 Nf6 2. c4 e6 3. Nc3 Bb4 4. f3 c5 5. a3 cxd4 6. Qxd4 Nc6 7. Qe3 Be7 8. b4 0-0 9. Qd2 a5 10. b5 Ne5 11. e4 Qc7 12. Bb2 b6 13. Rc1 Bb7 14. Nh3 Rad8 15. Na4 d6 16. Bd4 Ned7 17. Bd3 Nc5 18. Nxc5 dxc5 19. Bb2 e5 20. Qc3 Rfe8 21. 0-0 Bd6 22. Rcd1 Bc8 23. Nf2 Nd7 24. Ng4 f6 25. Ne3 Bb7 26. Nd5 Bxd5 27. exd5 e4 28. Bxe4 Bxh2+ 29. Kh1 Qf4 30. g4 Ne5 31. Qc1 Nxg4 32. Qxf4 Bxf4 33. Bxh7+ Kxh7 34. fxg4 Be5 35. Bxe5 Rxe5 36. Rfe1 Rg5 37. Re4 Kg6 38. Kh2 Kf7 39. Kg3 Re8 40. Rxe8 Kxe8 41. Rh1 Re5 42. Rh8+ Kd7 43. Kf3 Re8 44. Rh7 Re7 45. Rh8 Re8 46. Rxe8 Kxe8 47. Ke4 g6 1/2-1/2

[Event "Oklahoma State-ch"]
[Site "Broken Arrow"]
[Date "2012.07.21"]
[Round "2"]
[White "Berry, James E"]
[Black "Wharry, Stephen M"]
[Result "1-0"]
[WhiteElo "2007"]
[BlackElo "1990"]
[PlyCount "61"]
[EventDate "2012.07.21"]
[EventType "swiss"]
[EventRounds "5"]
[EventCountry "USA"]
[SourceTitle "CBM 149 Extra"]
[Source "ChessBase"]
[SourceDate "2012.08.24"]
[SourceVersion "1"]
[SourceVersionDate "2012.08.24"]
[SourceQuality "1"]

1. e4 e6 2. d4 d5 3. Nc3 Bb4 4. e5 c5 5. Bd2 Bd7 6. Qg4 Ne7 7. Qxg7 Rg8 8. Qxh7 cxd4 9. Ne4 Bxd2+ 10. Nxd2 Qc7 11. Ngf3 Nbc6 12. 0-0-0 Nxe5 13. Nxe5 Qxe5 14. Nb3 Qf4+ 15. Kb1 e5 16. Qd3 Qxf2 17. Nc5 Bc6 18. Qb3 0-0-0 19. Bb5 b6 20. Rhf1 Qxg2 21. Rxf7 Bxb5 22. Qxb5 Qg4 23. Qa6+ Kc7 24. Qb7+ Kd6 25. Qxe7+ Kc6 26. Qc7+ Kb5 27. a4+ Kb4 28. Na6+ Kxa4 29. Qc6+ b5 30. Nc5+ Kb4 31. Nd3+ 1-0

[Event "North American op 31st"]
[Site "Stillwater"]
[Date "2012.05.28"]
[Round "7"]
[White "Wolf, Alexander"]
[Black "Berry, James E"]
[Result "1/2-1/2"]
[WhiteElo "1858"]
[BlackElo "2010"]
[PlyCount "53"]
[EventDate "2012.05.26"]
[EventType "swiss"]
[EventRounds "8"]
[EventCountry "USA"]
[SourceTitle "CBM 148 Extra"]
[Source "ChessBase"]
[SourceDate "2012.06.22"]
[SourceVersion "1"]
[SourceVersionDate "2012.06.22"]
[SourceQuality "1"]

1. e4 e5 2. Nf3 Nc6 3. Bb5 a6 4. Ba4 Nf6 5. 0-0 b5 6. Bb3 Be7 7. Re1 0-0 8. a4 b4 9. a5 d5 10. exd5 Nxd5 11. d4 exd4 12. Nxd4 Nxd4 13. Qxd4 c6 14. Bxd5 cxd5 15. Bf4 Bb7 16. c3 Rc8 17. Nd2 bxc3 18. bxc3 Qd7 19. Nb3 Bf6 20. Be5 Rc4 21. Qd3 Bxe5 22. Rxe5 Qc7 23. Re3 Rc8 24. Rae1 Re4 25. f3 Rxe3 26. Qxe3 g6 27. Rc1 1/2-1/2

[Event "North American op 31st"]
[Site "Stillwater"]
[Date "2012.05.27"]
[Round "5"]
[White "Berry, James E"]
[Black "Johnson, Chuck"]
[Result "1-0"]
[WhiteElo "2010"]
[BlackElo "1898"]
[PlyCount "51"]
[EventDate "2012.05.26"]
[EventType "swiss"]
[EventRounds "8"]
[EventCountry "USA"]
[SourceTitle "CBM 148 Extra"]
[Source "ChessBase"]
[SourceDate "2012.06.22"]
[SourceVersion "1"]
[SourceVersionDate "2012.06.22"]
[SourceQuality "1"]

1. e4 e5 2. d4 exd4 3. Qxd4 Nc6 4. Qe3 Nf6 5. Nc3 Bb4 6. Bd2 0-0 7. 0-0-0 Re8 8. f3 d5 9. Qf2 dxe4 10. Bg5 Qe7 11. Nd5 Qe5 12. Bxf6 gxf6 13. fxe4 Bg4 14. Nf3 Bxf3 15. gxf3 Kh8 16. f4 Qxe4 17. Bd3 Qxd5 18. Qh4 Kg7 19. Rhg1+ Kf8 20. c3 Re3 21. Bc2 Qxa2 22. Rd7 Qa1+ 23. Bb1 Bxc3 24. Rg8+ Kxg8 25. Qxh7+ Kf8 26. Qxf7# 1-0

[Event "Stillwater Hanken Winter op 3rd"]
[Site "Stillwater"]
[Date "2012.02.20"]
[Round "7"]
[White "Xie, Tianming"]
[Black "Berry, James E"]
[Result "0-1"]
[WhiteElo "1844"]
[BlackElo "2005"]
[PlyCount "102"]
[EventDate "2012.02.18"]
[EventType "swiss"]
[EventRounds "8"]
[EventCountry "USA"]
[SourceTitle "CBM 147 Extra"]
[Source "ChessBase"]
[SourceDate "2012.04.24"]
[SourceVersion "1"]
[SourceVersionDate "2012.04.24"]
[SourceQuality "1"]

1. d4 Nf6 2. c4 g6 3. Nc3 d5 4. cxd5 Nxd5 5. g3 Bg7 6. Bg2 Nxc3 7. bxc3 0-0 8. e3 c5 9. Ne2 cxd4 10. cxd4 e5 11. 0-0 exd4 12. exd4 Nc6 13. Be3 Bg4 14. f3 Re8 15. Bf2 Bf5 16. Rc1 Qa5 17. a4 Rad8 18. Rc5 Qxc5 19. dxc5 Rxd1 20. Rxd1 Rxe2 21. Rd7 Bxd7 22. Bf1 Rxf2 23. Kxf2 Bd4+ 24. Kg2 Bxc5 25. Bc4 Nd4 26. a5 Bc6 27. h4 h5 28. a6 b5 29. Ba2 b4 30. Kf2 b3 31. Bb1 Nb5+ 32. Ke1 Na3 33. Bd3 Bxf3 34. Kd2 Bb4+ 35. Ke3 Nc2+ 36. Kxf3 Ne1+ 37. Ke3 Nxd3 38. Kxd3 f5 39. Kc4 b2 40. Kxb4 b1Q+ 41. Kc5 Qg1+ 42. Kd5 Qxg3 43. Kc6 Qxh4 44. Kd7 Qf6 45. Kc8 Qe7 46. Kb8 Qd7 47. Ka8 f4 48. Kb8 f3 49. Ka8 f2 50. Kb8 f1R 51. Ka8 Rf8# 0-1

[Event "Stillwater Hanken Winter op 3rd"]
[Site "Stillwater"]
[Date "2012.02.19"]
[Round "6"]
[White "Berry, James E"]
[Black "Hansen, Eric"]
[Result "0-1"]
[WhiteElo "2005"]
[BlackElo "2446"]
[PlyCount "38"]
[EventDate "2012.02.18"]
[EventType "swiss"]
[EventRounds "8"]
[EventCountry "USA"]
[SourceTitle "CBM 147 Extra"]
[Source "ChessBase"]
[SourceDate "2012.04.24"]
[SourceVersion "1"]
[SourceVersionDate "2012.04.24"]
[SourceQuality "1"]

1. e4 c5 2. Nf3 e6 3. d4 cxd4 4. Nxd4 a6 5. Bd3 Bc5 6. Nb3 Be7 7. 0-0 d6 8. Be3 Nd7 9. Nc3 Ngf6 10. Qe2 Qc7 11. a4 b6 12. f4 g6 13. f5 gxf5 14. exf5 e5 15. Rad1 Bb7 16. Bc4 Rg8 17. Nd5 Qc6 18. Rd2 Rg4 19. Nxe7 Qxc4 0-1

[Event "Stillwater Thanksgiving op 3rd"]
[Site "Stillwater"]
[Date "2011.11.27"]
[Round "7"]
[White "Berry, James E"]
[Black "Long, James1"]
[Result "0-1"]
[WhiteElo "2003"]
[BlackElo "2019"]
[PlyCount "50"]
[EventDate "2011.11.25"]
[EventType "swiss"]
[EventRounds "8"]
[EventCountry "USA"]
[SourceTitle "CBM 145 Extra"]
[Source "ChessBase"]
[SourceDate "2012.01.03"]
[SourceVersion "1"]
[SourceVersionDate "2012.01.03"]
[SourceQuality "1"]

1. e4 Nf6 2. e5 Nd5 3. c4 Nb6 4. d4 d6 5. f4 Bf5 6. Be3 e6 7. Nf3 Be7 8. Nc3 0-0 9. Bd3 Bxd3 10. Qxd3 Nc6 11. 0-0 dxe5 12. fxe5 f6 13. Rad1 fxe5 14. d5 exd5 15. cxd5 Nb4 16. Qe4 Na6 17. Nxe5 Bd6 18. Rxf8+ Qxf8 19. Bxb6 axb6 20. Nd7 Qe7 21. Qg4 Nc5 22. Nxc5 Bxc5+ 23. Kh1 Re8 24. h3 Bd6 25. Rf1 Qe5 0-1

[Event "Stillwater Thanksgiving op 3rd"]
[Site "Stillwater"]
[Date "2011.11.26"]
[Round "6"]
[White "Braunlich, Tom"]
[Black "Berry, James E"]
[Result "1-0"]
[WhiteElo "2191"]
[BlackElo "2003"]
[PlyCount "25"]
[EventDate "2011.11.25"]
[EventType "swiss"]
[EventRounds "8"]
[EventCountry "USA"]
[SourceTitle "CBM 145 Extra"]
[Source "ChessBase"]
[SourceDate "2012.01.03"]
[SourceVersion "1"]
[SourceVersionDate "2012.01.03"]
[SourceQuality "1"]

1. d4 b5 2. e4 Bb7 3. Nd2 a6 4. Bd3 g6 5. c3 Bg7 6. Ngf3 Nf6 7. e5 Nd5 8. Ne4 0-0 9. h4 f6 10. h5 g5 11. h6 Bh8 12. Nexg5 fxg5 13. Bxh7+ 1-0

[Event "Tulsa Okie op"]
[Site "Tulsa"]
[Date "2011.09.04"]
[Round "5"]
[White "Trammell, George"]
[Black "Berry, James E"]
[Result "1/2-1/2"]
[WhiteElo "2023"]
[BlackElo "2004"]
[PlyCount "92"]
[EventDate "2011.09.03"]
[EventType "swiss"]
[EventRounds "7"]
[EventCountry "USA"]
[SourceTitle "CBM 144 Extra"]
[Source "ChessBase"]
[SourceDate "2011.10.28"]
[SourceVersion "1"]
[SourceVersionDate "2011.10.28"]
[SourceQuality "1"]

1. e4 e5 2. Nf3 Nf6 3. Nxe5 d6 4. Nf3 Nxe4 5. d4 d5 6. Bd3 Be7 7. 0-0 0-0 8. c4 c6 9. Re1 Bf5 10. Qc2 Na6 11. a3 Bg6 12. Ne5 Bf6 13. Nxg6 hxg6 14. Nc3 Bxd4 15. Nxe4 dxe4 16. Rxe4 Nc5 17. Rxd4 Qxd4 18. Bf1 Qf6 19. Be3 Ne6 20. Rd1 Rfd8 21. Rxd8+ Qxd8 22. b4 Qc7 23. Qa4 b6 24. g3 Rd8 25. Bg2 c5 26. Bd5 Nd4 27. Qd1 Nf5 28. Bf4 Qe7 29. b5 Nd4 30. Qg4 Rxd5 31. cxd5 Qe1+ 32. Kg2 Qe4+ 33. Kh3 Qxd5 34. Bb8 Qb7 35. Be5 Nxb5 36. a4 Nc7 37. Qd7 Qf3 38. Bxc7 Qxf2 39. Qd8+ Kh7 40. Qh4+ Kg8 41. Qf4 Qe2 42. Bb8 Qe6+ 43. Qg4 f5 44. Qf4 Qd7 45. Qd6 Qb7 46. Qd8+ Kh7 1/2-1/2

[Event "North American op 30th"]
[Site "Stillwater"]
[Date "2011.05.29"]
[Round "8"]
[White "Braunlich, Tom"]
[Black "Berry, James E"]
[Result "1-0"]
[WhiteElo "2220"]
[BlackElo "2008"]
[PlyCount "53"]
[EventDate "2011.05.27"]
[EventType "swiss"]
[EventRounds "11"]
[EventCountry "USA"]
[SourceTitle "CBM 142 Extra"]
[Source "ChessBase"]
[SourceDate "2011.06.27"]
[SourceVersion "1"]
[SourceVersionDate "2011.06.27"]
[SourceQuality "1"]

1. d4 Nf6 2. Bg5 Ne4 3. Bf4 d5 4. e3 g6 5. Bd3 Nd6 6. h4 h5 7. Be5 Rg8 8. Nc3 Nc4 9. Bxc4 dxc4 10. Qe2 Bg7 11. Bxg7 Rxg7 12. Qxc4 Nd7 13. 0-0-0 Nb6 14. Qb5+ c6 15. Qe5 f6 16. Qc5 Be6 17. Nge2 Nd7 18. Qa3 Bg8 19. d5 e5 20. dxe6 Bxe6 21. Nf4 Bg8 22. Ne4 Qc7 23. Rxd7 Rxd7 24. Nxf6+ Kf7 25. Nxd7 Qxd7 26. Rd1 Qf5 27. Qb3+ 1-0

[Event "North American op 30th"]
[Site "Stillwater"]
[Date "2011.05.27"]
[Round "3"]
[White "Berry, James E"]
[Black "Crumpler, Ken"]
[Result "1-0"]
[WhiteElo "2008"]
[BlackElo "1738"]
[PlyCount "79"]
[EventDate "2011.05.27"]
[EventType "swiss"]
[EventRounds "11"]
[EventCountry "USA"]
[SourceTitle "CBM 142 Extra"]
[Source "ChessBase"]
[SourceDate "2011.06.27"]
[SourceVersion "1"]
[SourceVersionDate "2011.06.27"]
[SourceQuality "1"]

1. e4 d5 2. exd5 Qxd5 3. Nc3 Qd6 4. d4 Nf6 5. Nf3 a6 6. Be2 b5 7. 0-0 Bb7 8. Bg5 Nbd7 9. Re1 e6 10. Ne5 Be7 11. Nxd7 Qxd7 12. Bf3 Bxf3 13. Qxf3 0-0 14. Rad1 Nd5 15. Bxe7 Nxe7 16. d5 Nxd5 17. Nxd5 exd5 18. Rxd5 Qc6 19. Qd3 Rae8 20. Rd1 Qf6 21. c3 c6 22. Rd6 Re6 23. Rd8 Qe7 24. Kf1 g6 25. Rd7 Qh4 26. h3 Rf6 27. Rd2 Re6 28. Re2 Rfe8 29. Qf3 Rf8 30. Rxe6 fxe6 31. Qe2 Qf4 32. Qxe6+ Kh8 33. Qe1 Qh2 34. Qe3 Qf4 35. Qxf4 Rxf4 36. Ra7 Ra4 37. a3 c5 38. Rc7 Rc4 39. Ke2 b4 40. axb4 1-0

[Event "Stillwater Thanksgiving op 2nd"]
[Site "Stillwater"]
[Date "2010.11.21"]
[Round "4"]
[White "Braunlich, Tom"]
[Black "Berry, James E"]
[Result "1-0"]
[WhiteElo "2211"]
[BlackElo "2007"]
[PlyCount "45"]
[EventDate "2010.11.20"]
[EventType "swiss"]
[EventRounds "5"]
[EventCountry "USA"]
[SourceTitle "CBM 139 Extra"]
[Source "ChessBase"]
[SourceDate "2011.01.05"]
[SourceVersion "1"]
[SourceVersionDate "2011.01.05"]
[SourceQuality "1"]

1. d4 d5 2. Nf3 Nf6 3. e3 Bg4 4. c4 e6 5. Qb3 Qc8 6. Ne5 Bh5 7. Nc3 c6 8. Bd2 Be7 9. Rc1 0-0 10. Bd3 Bg6 11. Nxg6 hxg6 12. 0-0 Qd7 13. Rfd1 a5 14. cxd5 Nxd5 15. a3 b5 16. e4 a4 17. Qc2 Nxc3 18. Bxc3 Na6 19. d5 cxd5 20. exd5 exd5 21. Be4 Rac8 22. Bxd5 Qc7 23. Qxg6 1-0

[Event "North American op 28th"]
[Site "Stillwater"]
[Date "2010.05.29"]
[Round "4"]
[White "Berry, James E"]
[Black "Long, James1"]
[Result "0-1"]
[WhiteElo "2009"]
[BlackElo "2087"]
[PlyCount "82"]
[EventDate "2010.05.28"]
[EventType "swiss"]
[EventRounds "10"]
[EventCountry "USA"]
[SourceTitle "CBM 136 Extra"]
[Source "ChessBase"]
[SourceDate "2010.07.02"]
[SourceVersion "2"]
[SourceVersionDate "2010.07.15"]
[SourceQuality "1"]

1. e4 Nf6 2. e5 Nd5 3. c4 Nb6 4. a4 a5 5. d4 d6 6. f4 dxe5 7. fxe5 Nc6 8. Be3 Bf5 9. Nf3 Nb4 10. Na3 e6 11. Be2 Be7 12. 0-0 0-0 13. Qb3 Qd7 14. Nb5 Bc2 15. Qc3 Nxa4 16. Rxa4 Bxa4 17. b3 Bxb5 18. cxb5 Nd5 19. Qd3 a4 20. Ng5 g6 21. Ne4 f5 22. exf6 Nxf6 23. Bh6 Nxe4 24. Bxf8 Nc5 25. Qe3 Nxb3 26. Bxe7 Qxe7 27. Bc4 Re8 28. Re1 Qd6 29. Bxe6+ Kg7 30. d5 Qc5 31. Kf2 Rf8+ 32. Kg3 Qxe3+ 33. Rxe3 Nc5 34. Bg4 Kf6 35. b6 cxb6 36. d6 Rd8 37. d7 b5 38. Re8 Rxd7 39. Bxd7 Nxd7 40. Kf2 Nc5 41. Ke2 a3 0-1

[Event "Red River Shootout 08th"]
[Site "Davis"]
[Date "2010.04.18"]
[Round "1"]
[White "O'Neill, Julie Anne"]
[Black "Berry, James E"]
[Result "1-0"]
[WhiteElo "1867"]
[BlackElo "2033"]
[PlyCount "101"]
[EventDate "2010.04.18"]
[EventType "team-match"]
[EventRounds "2"]
[EventCountry "USA"]
[SourceTitle "CBM 136 Extra"]
[Source "ChessBase"]
[SourceDate "2010.07.02"]
[SourceVersion "2"]
[SourceVersionDate "2010.07.15"]
[SourceQuality "1"]

1. e4 c6 2. g3 g6 3. Bg2 Bg7 4. Nf3 Nf6 5. Nc3 0-0 6. 0-0 d6 7. d4 Nbd7 8. e5 dxe5 9. dxe5 Ng4 10. e6 fxe6 11. Ng5 Ndf6 12. h3 Ne5 13. Bf4 Nd5 14. Bxe5 Bxe5 15. Qe1 Qc7 16. Na4 h6 17. Nf3 Bg7 18. c4 Nb6 19. Nc5 e5 20. Qe4 Bf5 21. Qe2 Rad8 22. g4 Bc8 23. Rad1 Kh7 24. b3 Rf7 25. Rxd8 Qxd8 26. Nxe5 Bxe5 27. Qxe5 Qd6 28. Qxd6 exd6 29. Ne4 d5 30. Nd6 Rf8 31. cxd5 Nxd5 32. Bxd5 cxd5 33. Rc1 Be6 34. Rc7+ Kg8 35. Rxb7 Rd8 36. Nb5 d4 37. Re7 Bc8 38. Re1 a6 39. Nxd4 Rxd4 40. Re8+ Kf7 41. Rxc8 Rd2 42. Rc7+ Ke6 43. Rc6+ Rd6 44. Rxd6+ Kxd6 45. Kf1 Kc5 46. Ke2 Kd4 47. h4 Ke4 48. b4 Kd4 49. Kf3 Kc4 50. Ke4 Kxb4 51. f4 1-0

[Event "Stillwater Thanksgiving op 1st"]
[Site "Stillwater"]
[Date "2009.11.27"]
[Round "2"]
[White "Berry, James E"]
[Black "Langer, Mikhail"]
[Result "0-1"]
[WhiteElo "2020"]
[BlackElo "2300"]
[PlyCount "68"]
[EventDate "2009.11.27"]
[EventType "swiss"]
[EventRounds "7"]
[EventCountry "USA"]
[SourceTitle "CBM 133 Extra"]
[Source "ChessBase"]
[SourceDate "2010.01.05"]
[SourceVersion "1"]
[SourceVersionDate "2010.01.05"]
[SourceQuality "1"]

1. e4 c5 2. Nf3 d6 3. d4 cxd4 4. Nxd4 Nf6 5. Nc3 g6 6. f3 a6 7. Be3 b5 8. Qd2 Bb7 9. 0-0-0 Nbd7 10. g4 Ne5 11. h4 h5 12. gxh5 Nxh5 13. Qf2 Bg7 14. Kb1 Rc8 15. Nd5 Bxd5 16. exd5 Nf6 17. Bh3 Rc4 18. Bf1 Nxd5 19. Bxc4 Nxc4 20. Bc1 Qb6 21. Rhf1 b4 22. Qe2 Na3+ 23. Ka1 Bxd4 24. Qd3 Rxh4 25. Rh1 Rxh1 26. Rxh1 Qb5 27. Qb3 a5 28. Rd1 a4 29. Qd3 e5 30. Qe4 Qc4 31. c3 bxc3 32. Rh1 cxb2+ 33. Bxb2 Bxb2+ 34. Kxb2 Qc3# 0-1